000 00778nam a2200217Ia 4500
008 140429s9999 xx 000 0 und d
020 _a9789712357695
050 _aLB 1025
_b.C339 2010
100 _aCasinto, Carlo Domingo C.
245 _aHandbook on principles of teaching 2 /
_cCarlo Domingo C. Casinto and Reynaldo O. Cuizon.
260 _aManila :
_bRex Book Store,
_cc2010.
300 _a162 p. :
_c26 cm.
440 _a(Teacher Education Academic Resources for College and Higher Education Students Series).
500 _aIncludes bibliographical references and index.
521 _aGE
650 _aLearning
_xStudy and teaching.
650 _aPrinciples, Teaching of.
650 _aTeaching
_xHandbooks, manuals, etc.
942 _kLOC
_cBK
999 _c115689
_d115689